000 00944nam a2200277Ia 4500
003 OSt
005 20221005111824.0
006 a|||||r|||| 00| 0
007 ta
008 221004b |||||||| |||| 00| 0 hin d
020 _cIndian Rupees 215
024 _a38949
037 _bGift, 30/08/2018,
_cTextual
040 _aCRL
_cCRL
_bhin
041 _2hin
_ahin
082 _aO152,1x, Q7
100 _aबाजपेयी, बिब्बो रानी, ले.
245 0 _aमन के उद्गार
246 _aMan ke udgāra
260 _aलखनऊ
_bजय हिन्द प्रेस भारत
_c2017
300 _a139पृ0
_ccm.
650 _a हिन्दी आलोचना
650 _aहिन्दी कविता
942 _hO152,1x, Q7
_cTEXL
_2cc
999 _c1023020
_d1023020